| 000 | 00840cam a2200349 4500 | ||
|---|---|---|---|
| 008 | 000000n2000 000 0 eng u | ||
| 020 | _a0415234352 | ||
| 035 | _a(Sirsi) u106450 | ||
| 050 | _a692.8098 | ||
| 110 |
_aFranklin and Andrews _92518 |
||
| 245 | _aSpon's African construction costs handbook | ||
| 260 |
_aLondon _bE&F N Spon _c2000 |
||
| 300 | _axi, 329p. ; 24cm. | ||
| 350 | _a99.00 | ||
| 650 | _aCOST DATA | ||
| 650 | _aALGERIA | ||
| 650 | _aCAMEROON | ||
| 650 | _aCHAD | ||
| 650 | _aCOTE D'IVOIRE | ||
| 650 | _aGABON | ||
| 650 | _aTHE GAMBIA | ||
| 650 | _aGHANA | ||
| 650 | _aKENYA | ||
| 650 | _aLIBERIA | ||
| 650 | _aNIGERIA | ||
| 650 | _aSENEGAL | ||
| 650 | _aSOUTH AFRICA | ||
| 650 | _aZAMBIA | ||
| 650 | _aBUILDING PRICE BOOKS | ||
| 690 | _aBUILT ENVIRONMENT-BUILDING COSTS | ||
| 942 | _n0 | ||
| 999 |
_c100555 _d100555 |
||